Абстракция и вчувстване (Запис номер 645)
[ съкратено ]
| 000 -Лидер | |
|---|---|
| Контролно поле с фиксирана дължина | 02532nam a2200445 a 4500 |
| 003 - Код на организацията, давaща контролен номер | |
| Контролно поле | BLK |
| 005 - Дата и час на последна редакция | |
| Контролно поле | 20250607105231.0 |
| 008 - Елементи от данни с фиксирана дължина | |
| fixed length control field | 180412b bul|||||r ||||||| ||bul|| |
| 010 ## - Наследен системен номер | |
| LC control number | KNG00001140000 |
| 020 ## - Международен стандартен номер на книга ISBN | |
| Международен стандартен номер на книга ISBN | 954-02-0138-1 |
| 040 ## - Източник на каталожния запис | |
| Идентификатор на билиотеката - собственик на записа | BLK |
| 041 ## - Код за език | |
| Код за езика на текст/звукозапис или на отделно заглавие | Български |
| Код за езика КДБФ | Български |
| 080 ## - УДК | |
| Текстов определител УДК | Изобразителни изкуства и художествени занаяти |
| УДК код - определител по УДК | 73/76 |
| УДК определител | .01 |
| УДК - код + определител | 73/76.01 |
| 080 ## - УДК | |
| Текстов определител УДК | Изобразителни изкуства и художествени занаяти |
| УДК код - определител по УДК | 73/76 |
| УДК определител | .03 |
| УДК - код + определител | 73/76.03 |
| 080 ## - УДК | |
| Текстов определител УДК | Обща теория на архитектурата. Естетика на архитектурата. Философия на архитект. Принципи на проектиране, пропорции и ср-ва за зрит. въздействие |
| УДК код - определител по УДК | 72.01 |
| УДК - код + определител | 72.01 |
| 100 1# - Редна дума - Автор | |
| Автор | Ворингер, Вилхелм |
| Авторска отговорност | първи автор |
| R(LIN) | 49284 |
| 139 ## - Редно поле | |
| Редна дума | Ворингер, Вилхелм |
| Авторски знак | Вор - В 84 |
| 245 10 - Сведения за заглавието | |
| Заглавие | Абстракция и вчувстване |
| Подзаглавни данни | Принос към психология на стила |
| Редно поле (дума) | Вилхелм Ворингер; състав. Димитър Григоров Аврамов; прев. от нем. Никола Аспарухов Георгиев. |
| 257 ## - Страна на издаване | |
| Страна на създаване/издаване | Германия |
| 260 ## - Област на издателските данни | |
| Място на издаване, разпространение и проч. | София |
| Име на издателя, разпространителя и проч. | Наука и изкуство |
| Година на издаване | 1993 |
| Печатница | Хасково : Полиграфюг |
| 300 ## - Физическа характеристика | |
| Страници | 327 с. |
| Размери/Мащаб | 20 см |
| 380 ## - Жанр | |
| Жанр | Изкуство |
| 490 ## - СЕРИИ (Колекции) | |
| Име на серия | Библиотека Естетика и изкуствознание |
| 500 ## - Общи забележки | |
| Забележка | Прев. е направен от Abstraktion und einfuhlung ; Formprobleme der gotik ; Fragen und gegenfragen / Wilhelm Worringer. - Именен показалец. |
| 650 #4 - Допълнително описание по предмет – тема | |
| Основно описание – тема или топоним | Изобразително изкуство - теория и естетика |
| 9 (RLIN) | 242783 |
| 650 #4 - Допълнително описание по предмет – тема | |
| Основно описание – тема или топоним | Стилове - в изкуството |
| 9 (RLIN) | 242784 |
| 650 #4 - Допълнително описание по предмет – тема | |
| Основно описание – тема или топоним | Изобразително изкуство - история |
| 9 (RLIN) | 242785 |
| 653 ## - Ключова дума – ненормативна | |
| Ключова дума | изобразително изкуство |
| 653 ## - Ключова дума – ненормативна | |
| Ключова дума | стилове и направления |
| 653 ## - Ключова дума – ненормативна | |
| Ключова дума | история на изкуството |
| 700 1# - Други автори (авторска отговорност) | |
| Лично име | Аврамов, Димитър Григоров |
| Автороска отговорност (Описва отношението между автора и произведението) | състав. |
| 9 (RLIN) | 363308 |
| 700 1# - Други автори (авторска отговорност) | |
| Лично име | Георгиев, Никола Аспарухов |
| Автороска отговорност (Описва отношението между автора и произведението) | прев. от нем. |
| 9 (RLIN) | 242782 |
| 852 ## - Местоположение | |
| Форматна сигнатура | Цб 176624 |
| Фондова буква | Хранилище |
| 856 4# - Електронен адрес и достъп | |
| Електронен формат | pdf - файл |
| Път до файла /url/ | |
| 856 4# - Електронен адрес и достъп | |
| Електронен формат | pdf - файл |
| Път до файла /url/ | |
| 942 ## - АРТИКУЛИ | |
| Вид на библиотечния материал | Книги |
| Скрит в OPAC | Не |
| Koha issues (borrowed), all copies | 2 |
| 944 ## - СЪЗДАВАНЕ И РЕДАКЦИЯ на ЗАПИСА | |
| Създаване/Редакция | Създаване |
| Дата на регистрацията/редакция | 15.01.2003 |
| Служител, извършил регистрацията/редакцията | 30535 |
| Статус, дата на статуса | Христина Везирева |
| 944 ## - СЪЗДАВАНЕ И РЕДАКЦИЯ на ЗАПИСА | |
| Създаване/Редакция | Редакция |
| Дата на регистрацията/редакция | 10.08.2015 |
| Служител, извършил регистрацията/редакцията | Милена_Ачева |
| 999 ## - СИСТЕМНИ КОНТРОЛНИ НОМЕРА | |
| Koha biblionumber | 645 |
| Koha biblioitemnumber | 645 |
| 999 ## - СИСТЕМНИ КОНТРОЛНИ НОМЕРА | |
| Koha biblioitemnumber | 645 |
| Код за отписване | Код за изгубен артикул | Източник на класификационната схема | Код за повреда | Коз за рестрикции | Код за отдаване | Артикулен № | Име на библиотеката - собственик | Име на библиотеката, в която се намира в момента | Статус (Текущо местоположение) | Дата на вписване в системата | Местоположение - отдел | Цена в лева | Инвентарен номер | Систематично азбучна сигнатура | Баркод | Номер на екземпляра | Цена в евро | Служебна бележка | Служебен тип на артикула |
|---|---|---|---|---|---|---|---|---|---|---|---|---|---|---|---|---|---|---|---|
| Не е изгубен | Universal Decimal Classification | Не е повреден | без рестрикции | заемане за дома | 1310 | Регионална библиотека "Любен Каравелов" Русе | Регионална библиотека "Любен Каравелов" Русе | Отдел Изкуство - подръчен фонд | 1993-01-01 | Отдел Изкуство - подръчен фонд | 0.44 | 602618 | 73/76/В 84 | 120000602618 | 1 | 0.22 | Дост: Pk Вид: Ф N: стар фонд Дата: 01.01.1993 Дата инв: 06.06.2012 Бележки инв: | Книги | |
| Не е изгубен | Universal Decimal Classification | Не е повреден | само за читалня | ползва се в читалня | 1311 | Регионална библиотека "Любен Каравелов" Русе | Регионална библиотека "Любен Каравелов" Русе | Хранилище | 1993-01-01 | Хранилище | 0.44 | 600989 | Цб 176624 | 120000600989 | 2 | 0.22 | Дост: Dp Вид: Д N: стар фонд Дата: 01.01.1993 | Книги |